Centroamérica después de la crisis /

Kaydedildi:
Detaylı Bibliyografya
Yazar: Botella, Joan
Diğer Yazarlar: Sanahuja, Josep M.
Materyal Türü: Bilinmiyor
Baskı/Yayın Bilgisi: Bercelona: Institut de Ciencies Politiques i Sociais
Konular:
Etiketler: Etiketle
Etiket eklenmemiş, İlk siz ekleyin!

MARC

LEADER 00000 a2200000 04500
001 11134
003
008 991231s d
040
090 |a 138505  
100 |a Botella, Joan  
245 |a Centroamérica después de la crisis /  |c Joan Botella 
260 |a Bercelona:   |b Institut de Ciencies Politiques i Sociais  
300 |a 197 p  
650 |a POLITICA  
650 |a MARCO INSTITUCIONAL  
650 |a GOBERNABILIDAD  
650 |a AMERICA CENTRAL  
650 |a SISTEMAS POLITICOS  
650 |a PARTIDOS POLITICOS  
650 |a CULTURA  
650 |a SOCIEDAD  
650 |a CIENCIA POLITICA  
650 |a CONGRESOS  
650 |a ESTABILIDAD DEMOCRATICA  
650 |a DEMOCRACIA  
650 |a ELECCIONES  
700 |a   
700 |a Sanahuja, Josep M.  
700 |a   
999 |c 16789  |d 16789